Largest Food Chains in Canada - Statistics

General Stats
  • This quiz has been taken 48 times
  • The average score is 7 of 10
Answer Stats
# of Locations Type Chain % Correct
1,367 Burger McDonalds
92%
3,532 Coffee/Donuts Tim Hortons
90%
1,428 Coffee Starbucks
87%
2,913 Sandwich Subway
85%
650 Chicken KFC
77%
562 Pizza PizzaHut
69%
716 Ice Cream/Burger Dairy Queen
62%
597 Pizza Domino's Pizza
56%
1,047 Burger A&W
49%
597 Convenience 7-Eleven
46%
No matching quizzes found
Score Distribution
Percent of People with Each Score
Percentile by Number Answered
Your Score History
You have not taken this quiz